[Event "Sibiria Region-ch"]
[Site "Novokuznetsk"]
[Date "2008.03.19"]
[Round "7"]
[White "Salinnikov, Denis Y"]
[Black "Fellenger, Alexander"]
[Result "1/2-1/2"]
[WhiteElo "2395"]
[BlackElo "2201"]
[PlyCount "119"]
[EventDate "2008.03.13"]
[EventType "swiss"]
[EventRounds "9"]
[EventCountry "RUS"]
[SourceTitle "CBM 123 Extra"]
[Source "ChessBase"]
[SourceDate "2008.05.06"]
[SourceVersion "1"]
[SourceVersionDate "2008.05.06"]
[SourceQuality "1"]

1. e4 d5 2. exd5 Qxd5 3. Nc3 Qa5 4. g3 Nf6 5. Bg2 c6 6. Nf3 Bg4 7. h3 Bh5 8. b4 Qc7 9. 0-0 e6 10. b5 Bb4 11. bxc6 bxc6 12. Rb1 Bxc3 13. dxc3 0-0 14. Ba3 Rd8 15. Rb7 Qc8 16. Qb1 Nd5 17. Ne5 Nd7 18. Nxd7 Rxd7 19. Rxd7 Qxd7 20. c4 Nb6 21. c5 Nc4 22. Bc1 Qc7 23. Qb4 Ne5 24. Bf4 f6 25. Re1 Rd8 26. Qc3 Rd1 27. Rxd1 Bxd1 28. Bxe5 fxe5 29. Qd2 Bh5 30. Qd6 Qxd6 31. cxd6 Be8 32. Kf1 c5 33. Ke2 Bb5+ 34. Ke3 Kf7 35. Bb7 Kf6 36. c3 Bc4 37. a3 Bd5 38. Ba6 Bc6 39. c4 g5 40. Bb5 Bg2 41. h4 h6 42. hxg5+ hxg5 43. f3 Bf1 44. a4 Bh3 45. d7 Ke7 46. Ke4 Bg2 47. g4 a5 48. Bc6 Bf1 49. Kxe5 Bxc4 50. f4 gxf4 51. Kxf4 Bd5 52. Bb5 c4 53. Ke3 e5 54. g5 Bf7 55. Kd2 e4 56. Bc6 Bg6 57. Bb5 Bf7 58. Kd1 Bh5+ 59. Kc1 Bf7 60. Kd2 1/2-1/2

[Event "Sibiria Region-chT"]
[Site "Kemerovo"]
[Date "2007.12.12"]
[Round "6"]
[White "Salinnikov, Denis Y"]
[Black "Pushilin, Artem"]
[Result "1-0"]
[WhiteElo "2395"]
[BlackElo "2146"]
[PlyCount "69"]
[EventDate "2007.12.07"]
[EventType "team-tourn"]
[EventRounds "7"]
[EventCountry "RUS"]
[SourceTitle "CBM 122 Extra"]
[Source "ChessBase"]
[SourceDate "2008.03.04"]
[SourceVersion "1"]
[SourceVersionDate "2008.03.04"]
[SourceQuality "1"]

1. e4 c5 2. Nf3 d6 3. Bb5+ Nd7 4. c3 a6 5. Ba4 Ngf6 6. Qe2 b5 7. Bc2 Bb7 8. d4 e5 9. d5 g6 10. 0-0 Nh5 11. a4 b4 12. a5 bxc3 13. bxc3 Bg7 14. Bg5 Qc7 15. Nbd2 Nf4 16. Qe3 0-0 17. Nc4 Nxd5 18. exd5 Bxd5 19. Qd3 Bxc4 20. Qxc4 h6 21. Be3 Kh7 22. Rfd1 Nf6 23. Rab1 Rfc8 24. Qh4 Ne8 25. g4 Qxa5 26. Bxh6 Bxh6 27. g5 Qxc3 28. Qxh6+ Kg8 29. Bxg6 fxg6 30. Qxg6+ Kf8 31. Rb7 Rc7 32. Rxc7 Nxc7 33. Qxd6+ Kg8 34. Qg6+ Kf8 35. Rd7 1-0

[Event "Sibiria Region-ch"]
[Site "Russia"]
[Date "2007.03.26"]
[Round "9"]
[White "Popov, Roman2"]
[Black "Salinnikov, Denis Y"]
[Result "1-0"]
[WhiteElo "2289"]
[BlackElo "2385"]
[PlyCount "49"]
[EventDate "2007.03.18"]
[EventType "swiss"]
[EventRounds "9"]
[EventCountry "RUS"]
[SourceTitle "EXT 2008"]
[Source "ChessBase"]
[SourceDate "2007.11.25"]
[SourceVersion "1"]
[SourceVersionDate "2007.11.25"]
[SourceQuality "1"]

1. d4 Nf6 2. Nf3 g6 3. c4 Bg7 4. Nc3 0-0 5. e4 d6 6. h3 a5 7. Bg5 a4 8. Be2 a3 9. b3 c5 10. d5 h6 11. Bd2 e6 12. 0-0 exd5 13. cxd5 Re8 14. Qc2 Na6 15. Rae1 Nb4 16. Qb1 b6 17. Bc4 Ba6 18. e5 dxe5 19. Nxe5 Qd6 20. Bxa6 Rxe5 21. Bc4 Nfxd5 22. Nb5 Rxe1 23. Rxe1 Qf6 24. Qe4 Kh7 25. Bxb4 1-0

[Event "Sibiria Region-ch"]
[Site "Russia"]
[Date "2007.03.22"]
[Round "5"]
[White "Larichev, Dmitry"]
[Black "Salinnikov, Denis Y"]
[Result "1/2-1/2"]
[WhiteElo "2231"]
[BlackElo "2385"]
[PlyCount "143"]
[EventDate "2007.03.18"]
[EventType "swiss"]
[EventRounds "9"]
[EventCountry "RUS"]
[SourceTitle "EXT 2008"]
[Source "ChessBase"]
[SourceDate "2007.11.25"]
[SourceVersion "1"]
[SourceVersionDate "2007.11.25"]
[SourceQuality "1"]

1. e4 e5 2. Nf3 Nc6 3. Bc4 Nf6 4. d3 Be7 5. c3 0-0 6. 0-0 d6 7. Bb3 Na5 8. Bc2 c5 9. d4 cxd4 10. cxd4 Nc6 11. d5 Nb4 12. Bb3 Bg4 13. Nc3 Na6 14. Bc2 Rc8 15. Be3 Nc5 16. h3 Bh5 17. Rc1 a5 18. a3 Qd7 19. b4 axb4 20. axb4 Na6 21. Ba4 Qd8 22. b5 Nc5 23. Bc2 Qd7 24. Kh2 Bd8 25. Ra1 Nb3 26. Bxb3 Rxc3 27. Bd2 Rc8 28. Qe2 Bg6 29. Ra4 Rc5 30. Be3 Rxb5 31. Bc2 Rb2 32. Bc1 Qxa4 33. Bxb2 Qd7 34. Nd2 Nxd5 35. Nc4 Nf4 36. Qe3 b5 37. Nd2 Ne6 38. Bb3 h6 39. Nf3 Qb7 40. Bd5 Qb6 41. Qd2 Nf4 42. Ba3 Nxd5 43. Qxd5 b4 44. Rb1 Qxf2 45. Bxb4 Bg5 46. Nxg5 hxg5 47. Qxd6 Qf4+ 48. Kh1 Rc8 49. Bd2 Qf2 50. Rb8 Rxb8 51. Qxb8+ Kh7 52. Qb4 f6 53. Be1 Qe2 54. Qd2 Qf1+ 55. Kh2 Bxe4 56. Qf2 Qc4 57. Qe3 Bc6 58. Qf2 Qe4 59. Bd2 Kg6 60. Qg3 Qe2 61. Bc1 Be4 62. Qg4 Qxg4 63. hxg4 Bc2 64. Kg3 Bd1 65. Be3 Kf7 66. Bc5 e4 67. Bb4 Ke6 68. Bf8 g6 69. Bc5 Kd5 70. Be7 Ke5 71. Bd8 Ke6 72. Kh3 1/2-1/2

[Event "Sibiria Region-ch"]
[Site "Russia"]
[Date "2007.03.20"]
[Round "3"]
[White "Zablotsky, Sergei"]
[Black "Salinnikov, Denis Y"]
[Result "1/2-1/2"]
[WhiteElo "2470"]
[BlackElo "2385"]
[PlyCount "23"]
[EventDate "2007.03.18"]
[EventType "swiss"]
[EventRounds "9"]
[EventCountry "RUS"]
[SourceTitle "EXT 2008"]
[Source "ChessBase"]
[SourceDate "2007.11.25"]
[SourceVersion "1"]
[SourceVersionDate "2007.11.25"]
[SourceQuality "1"]

1. Nf3 Nf6 2. g3 g6 3. Bg2 Bg7 4. c4 d6 5. d4 0-0 6. 0-0 Nbd7 7. Nc3 e5 8. e4 a6 9. Re1 exd4 10. Nxd4 Ng4 11. Nb3 Nb6 12. Qe2 1/2-1/2

[Event "Izmailov Memorial op 11th"]
[Site "Tomsk"]
[Date "2007.??.??"]
[Round "?"]
[White "Mikhalchenko, Petr"]
[Black "Salinnikov, Denis Y"]
[Result "1-0"]
[WhiteElo "2294"]
[BlackElo "2385"]
[PlyCount "121"]
[EventDate "2007.06.25"]
[EventType "swiss"]
[EventRounds "9"]
[EventCountry "RUS"]
[SourceTitle "EXT 2008"]
[Source "ChessBase"]
[SourceDate "2007.11.25"]
[SourceVersion "1"]
[SourceVersionDate "2007.11.25"]
[SourceQuality "1"]

1. Nf3 Nf6 2. g3 g6 3. Bg2 Bg7 4. 0-0 0-0 5. c4 d6 6. Nc3 e5 7. d4 Nbd7 8. h3 Re8 9. Bg5 h6 10. Be3 c6 11. dxe5 dxe5 12. Qd2 Kh7 13. Rfd1 Qe7 14. Ne1 Nc5 15. Qd6 Nfd7 16. Nc2 f5 17. Rd2 Ne6 18. Qxe7 Rxe7 19. f3 Nb6 20. Na3 Rd7 21. Rad1 Rxd2 22. Bxd2 Bf8 23. Ncb1 Bc5+ 24. Kh2 a5 25. Bc3 Bd4 26. e3 Bxe3 27. Bxe5 f4 28. Nc3 Nd7 29. Bd6 fxg3+ 30. Kxg3 Ng7 31. Kh2 Nf5 32. Bc7 b6 33. Nc2 Ra7 34. Nxe3 Nxe3 35. Rxd7+ Bxd7 36. Bxb6 Rb7 37. Bxe3 Rxb2 38. Kg3 Be6 39. Bf1 Rc2 40. Bd4 Bf5 41. c5 Rc1 42. Ba6 Kg8 43. Bb7 Bd7 44. Ne4 Kf7 45. Bc3 a4 46. a3 Rg1+ 47. Kh2 Rb1 48. Bb4 g5 49. Nc3 Rc1 50. Nxa4 h5 51. Nb6 Rc2+ 52. Kg1 Rc1+ 53. Kf2 Rc2+ 54. Ke3 Bxh3 55. Bxc6 h4 56. Be4 Rc1 57. c6 Be6 58. Kd2 Rg1 59. c7 Rg2+ 60. Kd3 h3 61. Bd5 1-0

[Event "Izmailov Memorial op 11th"]
[Site "Tomsk"]
[Date "2007.??.??"]
[Round "?"]
[White "Salinnikov, Denis Y"]
[Black "Nevostrujev, Vladimir"]
[Result "1/2-1/2"]
[WhiteElo "2385"]
[BlackElo "2484"]
[PlyCount "160"]
[EventDate "2007.06.25"]
[EventType "swiss"]
[EventRounds "9"]
[EventCountry "RUS"]
[SourceTitle "EXT 2008"]
[Source "ChessBase"]
[SourceDate "2007.11.25"]
[SourceVersion "1"]
[SourceVersionDate "2007.11.25"]
[SourceQuality "1"]

1. e4 c5 2. Nf3 d6 3. d4 cxd4 4. Nxd4 Nf6 5. Nc3 a6 6. Be2 e5 7. Nb3 Be7 8. 0-0 0-0 9. Kh1 Nbd7 10. a4 b6 11. Be3 Bb7 12. f3 Rc8 13. Rf2 Rc7 14. Bf1 Qa8 15. Rd2 Rfc8 16. Nd5 Nxd5 17. exd5 a5 18. Bb5 Nc5 19. c3 Bd8 20. Nc1 Re7 21. b4 Na6 22. Na2 f5 23. Rb1 f4 24. Bf2 Nb8 25. c4 Nd7 26. Nc3 axb4 27. Ne4 Qb8 28. Rxb4 Nc5 29. Bxc5 bxc5 30. Rb1 Ba5 31. Ra2 Qc7 32. h3 Rb8 33. Bc6 Ba6 34. Bb5 Bc8 35. Rab2 Bf5 36. Qd3 Kh8 37. Bc6 Rb4 38. Rxb4 Bxb4 39. Ra1 Qd8 40. Qe2 Ra7 41. Bb5 g5 42. Rb1 Rg7 43. Ra1 Ba5 44. Nf2 h5 45. Ra3 Qf6 46. Rb3 Rb7 47. Ne4 Qe7 48. Qd3 g4 49. Bc6 Rb4 50. Rxb4 Bxb4 51. a5 Bxa5 52. Qb3 Bb4 53. Qa4 gxf3 54. gxf3 Bxe4 55. fxe4 Qh4 56. Qa8+ Kg7 57. Qb7+ Kh6 58. Qd7 Qe1+ 59. Kh2 Qe2+ 60. Kg1 Qe3+ 61. Kh2 Qe2+ 62. Kg1 Qe1+ 63. Kh2 Qg3+ 64. Kh1 f3 65. Qe6+ Kg5 66. Qf5+ Kh4 67. Qf6+ Qg5 68. Qxf3 Be1 69. Bd7 Bg3 70. Qe2 Bf4 71. Qg2 Qg3 72. Qxg3+ Kxg3 73. Kg1 Kf3 74. Kf1 Kxe4 75. Ke2 Kd4 76. Bb5 Bg5 77. Ba6 e4 78. Bb5 Ke5 79. Ba6 Kf4 80. Bc8 Bf6 1/2-1/2

[Event "Izmailov Memorial op 11th"]
[Site "Tomsk"]
[Date "2007.??.??"]
[Round "?"]
[White "Salinnikov, Denis Y"]
[Black "Sinitsin, Roman"]
[Result "1-0"]
[WhiteElo "2385"]
[BlackElo "2207"]
[PlyCount "115"]
[EventDate "2007.06.25"]
[EventType "swiss"]
[EventRounds "9"]
[EventCountry "RUS"]
[SourceTitle "EXT 2008"]
[Source "ChessBase"]
[SourceDate "2007.11.25"]
[SourceVersion "1"]
[SourceVersionDate "2007.11.25"]
[SourceQuality "1"]

1. e4 e6 2. d4 d5 3. Nd2 Nf6 4. e5 Nfd7 5. Bd3 c5 6. c3 Nc6 7. Ne2 Qb6 8. 0-0 cxd4 9. cxd4 f6 10. exf6 Nxf6 11. Nf3 Bd6 12. b3 0-0 13. Bb2 Bd7 14. Ng3 g6 15. Rc1 Bf4 16. Rc3 Nxd4 17. Nxd4 Qxd4 18. Qc2 Be5 19. Qe2 Qf4 20. Bc1 Qh4 21. Qxe5 Ng4 22. Nf5 Rxf5 23. Qg3 Qxg3 24. hxg3 Rf7 25. f3 Ne5 26. Bb1 Nc6 27. Bb2 d4 28. Rc5 e5 29. Be4 Re7 30. Bd5+ Kg7 31. Re1 Rae8 32. Ba3 d3 33. Rc3 Nd4 34. Rxd3 Nc2 35. Bxe7 Nxe1 36. Rd1 Rxe7 37. Rxe1 b6 38. Kf2 Kf6 39. Rc1 Be8 40. Ke3 g5 41. g4 h5 42. gxh5 Bxh5 43. Rc6+ Kg7 44. Be4 Be8 45. Rd6 Bh5 46. b4 Be8 47. a3 Bf7 48. a4 Rc7 49. Bc6 Re7 50. Bd7 Bg6 51. g3 Bc2 52. Bc6 Bb3 53. a5 bxa5 54. bxa5 Bc4 55. Ke4 Bb3 56. Kf5 Bc2+ 57. Kxg5 Bh7 58. Rh6 1-0

[Event "Saratov Aratovsky Memorial 6th"]
[Site "Saratov"]
[Date "2006.12.05"]
[Round "9"]
[White "Salinnikov, Denis Y"]
[Black "Inants, Aghasi"]
[Result "0-1"]
[WhiteElo "2389"]
[BlackElo "2178"]
[PlyCount "40"]
[EventDate "2006.11.27"]
[EventType "swiss"]
[EventRounds "9"]
[EventCountry "RUS"]
[SourceTitle "EXT 2008"]
[Source "ChessBase"]
[SourceDate "2007.11.25"]
[SourceVersion "1"]
[SourceVersionDate "2007.11.25"]
[SourceQuality "1"]

1. e4 c5 2. Nf3 d6 3. d4 cxd4 4. Nxd4 Nf6 5. Nc3 g6 6. g3 Nc6 7. Nde2 b6 8. Bg2 Bb7 9. 0-0 Bg7 10. h3 0-0 11. Be3 Rc8 12. Qd2 Na5 13. b3 Ba6 14. Rfd1 e6 15. Qxd6 Qxd6 16. Rxd6 Ne8 17. Rd4 Bxd4 18. Bxd4 Bxe2 19. Nxe2 Rxc2 20. Bf1 Nd6 0-1

[Event "Saratov Aratovsky Memorial 6th"]
[Site "Saratov"]
[Date "2006.11.30"]
[Round "4"]
[White "Shomoev, Anton"]
[Black "Salinnikov, Denis Y"]
[Result "1/2-1/2"]
[WhiteElo "2528"]
[BlackElo "2389"]
[PlyCount "60"]
[EventDate "2006.11.27"]
[EventType "swiss"]
[EventRounds "9"]
[EventCountry "RUS"]
[SourceTitle "EXT 2008"]
[Source "ChessBase"]
[SourceDate "2007.11.25"]
[SourceVersion "1"]
[SourceVersionDate "2007.11.25"]
[SourceQuality "1"]

1. e4 e5 2. Nf3 Nc6 3. Bb5 a6 4. Ba4 Nf6 5. 0-0 Nxe4 6. d4 b5 7. Bb3 d5 8. dxe5 Be6 9. Qe2 Bc5 10. Be3 0-0 11. Rd1 d4 12. Nc3 Nxc3 13. bxc3 dxe3 14. Rxd8 exf2+ 15. Kf1 Raxd8 16. Ng5 Bxb3 17. axb3 h6 18. Ne4 Bb6 19. Nxf2 Rde8 20. Re1 Nxe5 21. Qh5 g6 22. Qh4 h5 23. Qg3 Nd7 24. h3 Nf6 25. Qf3 Kg7 26. Nd3 h4 27. c4 bxc4 28. bxc4 Ba5 29. Rxe8 Rxe8 30. g4 Ne4 1/2-1/2

[Event "Voronezh op"]
[Site "Voronezh"]
[Date "2005.06.19"]
[Round "7"]
[White "Salinnikov, Denis Y"]
[Black "Airapetian, Gor"]
[Result "0-1"]
[WhiteElo "2401"]
[BlackElo "2179"]
[PlyCount "51"]
[EventDate "2005.06.12"]
[EventType "swiss"]
[EventRounds "9"]
[EventCountry "RUS"]
[SourceTitle "CBM 106 Extra"]
[Source "ChessBase"]
[SourceDate "2005.07.01"]
[SourceVersion "1"]
[SourceVersionDate "2005.07.01"]
[SourceQuality "1"]

1. e4 e6 2. d4 d5 3. Nc3 Nf6 4. e5 Nfd7 5. f4 c5 6. Nf3 Nc6 7. Be3 a6 8. Qd2 b5 9. dxc5 Bxc5 10. Bxc5 Nxc5 11. Bd3 Qb6 12. Qf2 b4 13. Ne2 a5 14. 0-0 Ba6 15. Kh1 Ne7 16. b3 h6 17. Bxa6 Rxa6 18. a3 bxa3 19. Rxa3 0-0 20. Rfa1 Rc8 21. h3 Nc6 22. f5 exf5 23. Nh4 Ne4 24. Qxb6 Rxb6 25. Nxf5 Re8 26. Ned4 0-1

[Event "Voronezh op"]
[Site "Voronezh"]
[Date "2005.06.12"]
[Round "1"]
[White "Salinnikov, Denis Y"]
[Black "Avdeeva, Veronika"]
[Result "1-0"]
[WhiteElo "2401"]
[BlackElo "2137"]
[PlyCount "111"]
[EventDate "2005.06.12"]
[EventType "swiss"]
[EventRounds "9"]
[EventCountry "RUS"]
[SourceTitle "CBM 106 Extra"]
[Source "ChessBase"]
[SourceDate "2005.07.01"]
[SourceVersion "1"]
[SourceVersionDate "2005.07.01"]
[SourceQuality "1"]

1. e4 c5 2. Nf3 d6 3. Bb5+ Bd7 4. Bxd7+ Qxd7 5. 0-0 Nc6 6. c3 e6 7. d4 Nf6 8. d5 Nb8 9. dxe6 fxe6 10. e5 dxe5 11. Nxe5 Qxd1 12. Rxd1 Be7 13. Nd2 0-0 14. Ndf3 Na6 15. Bg5 Rad8 16. Nc4 b6 17. Nce5 Nb8 18. Re1 Rfe8 19. Re2 Nd5 20. Bxe7 Rxe7 21. Rd1 Ree8 22. Rde1 Nc7 23. g3 b5 24. Kg2 Rd6 25. Ng5 Rd5 26. f4 c4 27. Nef3 h6 28. Nxe6 Rxe6 29. Rxe6 Nxe6 30. Rxe6 Kf7 31. Re5 Rxe5 32. Nxe5+ Ke6 33. Kf3 Kd5 34. Ke3 Na6 35. Ng6 Nc5 36. Ne7+ Ke6 37. Nc6 a6 38. Kd4 Na4 39. b3 cxb3 40. axb3 Nb6 41. c4 bxc4 42. bxc4 Nd7 43. c5 Nf6 44. Ne5 a5 45. Kc4 g5 46. Kb5 gxf4 47. gxf4 Kf5 48. Nd3 Ke4 49. Kxa5 Nd5 50. c6 Kf5 51. Ka6 Ke6 52. Kb7 Kd6 53. Ne5 h5 54. Nc4+ Kc5 55. f5 Ne7 56. c7 1-0

[Event "RUS-Cup01"]
[Site "Tomsk"]
[Date "2003.07.06"]
[Round "3"]
[White "Salinnikov, Denis Y"]
[Black "Nevostrujev, Vladimir"]
[Result "0-1"]
[WhiteElo "2338"]
[BlackElo "2510"]
[PlyCount "82"]
[EventDate "2003.07.04"]
[EventType "swiss"]
[EventRounds "9"]
[EventCountry "RUS"]
[SourceTitle "CBM 095 Extra"]
[Source "ChessBase"]
[SourceDate "2003.09.04"]
[SourceVersion "1"]
[SourceVersionDate "2003.09.04"]
[SourceQuality "1"]

1. e4 c5 2. Nf3 d6 3. Bb5+ Bd7 4. Bxd7+ Qxd7 5. 0-0 Nf6 6. e5 dxe5 7. Nxe5 Qc8 8. d4 e6 9. Be3 Nc6 10. Nc3 cxd4 11. Bxd4 Be7 12. Nxc6 Qxc6 13. Qe2 0-0 14. Rad1 a6 15. Rd3 Rac8 16. Rg3 Rfd8 17. Qe3 g6 18. Be5 Nd7 19. Rh3 Nxe5 20. Qxe5 Bf8 21. Qf4 Bg7 22. Rf3 f5 23. Rd3 Qb6 24. Na4 Qc6 25. Nc3 Qb6 26. Na4 Qb5 27. Rxd8+ Rxd8 28. Qc7 Qd7 29. Qb6 Bd4 30. Qb3 Qc6 31. Re1 Kf7 32. c4 f4 33. Nc3 Kg7 34. Ne4 h6 35. h4 b5 36. cxb5 axb5 37. Qf3 e5 38. b3 b4 39. Kh2 Bb6 40. Rd1 Rxd1 41. Qxd1 Bd4 0-1

[Event "Sibiria Region-ch"]
[Site "Novosibirsk"]
[Date "2003.??.??"]
[Round "9"]
[White "Efimov, Arkadij"]
[Black "Salinnikov, Denis Y"]
[Result "0-1"]
[WhiteElo "2242"]
[BlackElo "2361"]
[PlyCount "42"]
[EventDate "2003.05.??"]
[EventType "swiss"]
[EventRounds "9"]
[EventCountry "RUS"]
[SourceTitle "EXT 2008"]
[Source "ChessBase"]
[SourceDate "2007.11.25"]
[SourceVersion "1"]
[SourceVersionDate "2007.11.25"]
[SourceQuality "1"]

1. d4 Nf6 2. c4 g6 3. Nc3 Bg7 4. e4 0-0 5. Be2 d6 6. Bg5 Na6 7. Qd2 e5 8. dxe5 dxe5 9. Qxd8 Rxd8 10. Nd5 Rd6 11. Bxf6 Bxf6 12. Nxf6+ Rxf6 13. Nf3 Bg4 14. Nd2 Bxe2 15. Kxe2 Nb4 16. Nf3 Rf4 17. Nd2 Rd8 18. f3 Rf6 19. g3 Rfd6 20. Nb3 b6 21. a3 Rd3 0-1

[Event "Capital of Sibiria op"]
[Site "Novosibirsk"]
[Date "2002.07.27"]
[Round "9"]
[White "Salinnikov, Denis Y"]
[Black "Nam, Konstantin"]
[Result "1-0"]
[WhiteElo "2327"]
[BlackElo "2173"]
[PlyCount "79"]
[EventDate "2002.07.19"]
[EventType "swiss"]
[EventRounds "9"]
[EventCountry "RUS"]
[SourceTitle "CBM 089 Extra"]
[Source "ChessBase"]
[SourceDate "2002.09.10"]
[SourceVersion "2"]
[SourceVersionDate "2002.09.10"]
[SourceQuality "1"]

1. e4 c6 2. d4 d5 3. Nd2 g6 4. Ngf3 Bg7 5. c3 Bg4 6. exd5 Bxf3 7. Nxf3 Qxd5 8. Qb3 Qxb3 9. axb3 Nf6 10. b4 Nbd7 11. b5 0-0 12. bxc6 bxc6 13. Ba6 Rfb8 14. 0-0 c5 15. Ra2 Nd5 16. Rd1 cxd4 17. Nxd4 Nc5 18. Nc6 Rb6 19. Rxd5 Rxc6 20. Bb5 Rd6 21. Rxd6 exd6 22. Be3 Rb8 23. Be2 Rb7 24. g3 h5 25. Bf3 Rc7 26. Bd5 Bf6 27. Kf1 Re7 28. h4 Nd3 29. Bc4 Nc5 30. Ke2 g5 31. hxg5 Bxg5 32. f4 Bf6 33. Bd5 Kg7 34. Ra1 Kg6 35. Bf3 Ne4 36. Bxe4+ Rxe4 37. Rxa7 Re8 38. Ra6 d5 39. Kf3 Kf5 40. Rd6 1-0